Obchodné priestory majú azda najhoršie za sebou európsky maloobchodný trh - svetlo na konci tunela?
Dôsledky globálnej finančnej krízy a prestavby v priemyselnom odvetví spôsobili ekonomické spomalenie. Európske ekonomiky a pokles európskeho HDP. Makroekonomické ukazovatele a kritéria výkonu maloobchodných aktív. Rozdiely v ekonomickej a maloobchodno-predajnej výkonnosti v regionálnom porovnaní. N...
Na minha lista:
| Autor principal: | |
|---|---|
| Formato: | Capítulo de Livro |
| Idioma: | eslovaco |
| Assuntos: | |
| Tags: |
Sem tags, seja o primeiro a adicionar uma tag!
|
MARC
| LEADER | 00000naa$a2200000$$$4500 | ||
|---|---|---|---|
| 001 | 0110514 | ||
| 005 | 20231019091457.0 | ||
| 041 | 0 | |a slo | |
| 044 | |a SK | ||
| 245 | 1 | 0 | |a Obchodné priestory majú azda najhoršie za sebou |b európsky maloobchodný trh - svetlo na konci tunela? |c Dominik Češek |
| 520 | |a Dôsledky globálnej finančnej krízy a prestavby v priemyselnom odvetví spôsobili ekonomické spomalenie. Európske ekonomiky a pokles európskeho HDP. Makroekonomické ukazovatele a kritéria výkonu maloobchodných aktív. Rozdiely v ekonomickej a maloobchodno-predajnej výkonnosti v regionálnom porovnaní. Normy NUTS2 vypracované Európskou úniou. Dlhodobé vyhliadky európskeho maloobchodného trhu. | ||
| 610 | 2 | 0 | |a Európa |
| 610 | 2 | 0 | |a trh regionálny |
| 610 | 2 | 0 | |a maloobchod |
| 610 | 2 | 0 | |a eurozóna |
| 610 | 2 | 0 | |a kúpyschopnosť |
| 610 | 2 | 0 | |a príjmy obyvateľstva |
| 610 | 2 | 0 | |a úroveň životná |
| 100 | 1 | |a Češek, Dominik | |